000
00314nam a22001457a 4500
008
210311b ||||| |||| 00| 0 eng d
020
_a
9781680364323
041
_a
eng
080
_a
37
082
_a
37
100
_a
46
101
_a
EDU
245
_a
Questing for Knowledge
_c
Proctor, R. N
942
_2
udc
_c
BK
999
_c
56430
_d
56430